000 00370cam a2200169ua 4500
020 _cRs. 1.00
041 _amal
_h
082 _a894.8122
_bTHI/NI
100 _aThikodiyan, .
245 _aNiraharasamaram
260 _aCalicut :
_bK . R Brothers ,
_c1959.
300 _a110 ; .
365 _aRs. 1.00
504 _a
942 _cBK
999 _c621
_d621